000 00881nam a2200253 a 4500
001 50304
003 BD-RjUL
005 20211209075505.0
008 160824s1966 enk 000 0 eng c
035 _a(BD-RjUL) 50424
040 _aMSC
_cMSC
_dUKM
_dEQO
_dBD-RjUL
_beng
041 _aeng
082 0 4 _a421.5
_223
_bWIR 1966
100 1 _aWijk, Axel,
_d1901-
_9150755
245 1 0 _aRules of pronunciation for the English language :
_ban account of the relationship between English spelling and pronunciation /
_cAxel Wijk
260 _aLondon :
_bQxford University Press,
_c1966
300 _a160 p. ;
_c22 cm.
490 _aLanguage and language learning
500 _aIncludes index.
650 0 _aEnglish language
_xPronunciation
_9117012
650 0 _aEnglish language
_xOrthography and spelling
_9149822
830 _aLanguage and language learning
_9139774
942 _2ddc
_cBK
999 _c50304
_d50304